Tulasivana: Ankana barahagala sankalana (Record no. 134886)
[ view plain ]
| 000 -LEADER | |
|---|---|
| fixed length control field | 00742nam a2200241Ia 4500 |
| 003 - CONTROL NUMBER IDENTIFIER | |
| control field | OSt |
| 005 - DATE AND TIME OF LATEST TRANSACTION | |
| control field | 20250205114853.0 |
| 008 - FIXED-LENGTH DATA ELEMENTS--GENERAL INFORMATION | |
| fixed length control field | 210210b2008 xxu||||| |||| 00| 0 eng d |
| 040 ## - CATALOGING SOURCE | |
| Transcribing agency | AL |
| 041 ## - LANGUAGE CODE | |
| Language code of text/sound track or separate title | Kannada |
| 082 ## - DEWEY DECIMAL CLASSIFICATION NUMBER | |
| Classification number | K894.4 TRIT |
| 100 ## - MAIN ENTRY--PERSONAL NAME | |
| Personal name | TRIVENI SHRINIVASARAV |
| Dates associated with a name | ತ್ರಿವೇಣಿ ಶ್ರೀನಿವಾಸರಾವ್ |
| 9 (RLIN) | 197788 |
| 245 ## - TITLE STATEMENT | |
| Title | Tulasivana: Ankana barahagala sankalana |
| Remainder of title | ತುಳಸಿವನ: ಅಂಕಣ ಬರಹಗಳ ಸಂಕಲನ |
| 260 ## - PUBLICATION, DISTRIBUTION, ETC. | |
| Place of publication, distribution, etc. | America |
| Name of publisher, distributor, etc. | - |
| Date of publication, distribution, etc. | 2008 |
| 300 ## - PHYSICAL DESCRIPTION | |
| Extent | xv---266 |
| 650 ## - SUBJECT ADDED ENTRY--TOPICAL TERM | |
| Topical term or geographic name entry element | Tulasivana |
| 9 (RLIN) | 197789 |
| 650 ## - SUBJECT ADDED ENTRY--TOPICAL TERM | |
| Topical term or geographic name entry element | sankalana |
| 9 (RLIN) | 197790 |
| 650 ## - SUBJECT ADDED ENTRY--TOPICAL TERM | |
| Topical term or geographic name entry element | barahagala |
| 9 (RLIN) | 197791 |
| 650 ## - SUBJECT ADDED ENTRY--TOPICAL TERM | |
| Topical term or geographic name entry element | Ankana |
| 9 (RLIN) | 197792 |
| 690 ## - LOCAL SUBJECT ADDED ENTRY--TOPICAL TERM (OCLC, RLIN) | |
| Topical term or geographic name as entry element | Kannada Prose |
| 9 (RLIN) | 197793 |
| 906 ## - LOCAL DATA ELEMENT F, LDF (RLIN) | |
| a | 063156 |
| 942 ## - ADDED ENTRY ELEMENTS (KOHA) | |
| Source of classification or shelving scheme | Dewey Decimal Classification |
| Koha item type | Book |
| Withdrawn status | Lost status | Source of classification or shelving scheme | Damaged status | Not for loan | Collection code | Home library | Current library | Date acquired | Source of acquisition | Cost, normal purchase price | Total Checkouts | Full call number | Barcode | Date last seen | Price effective from | Koha item type |
|---|---|---|---|---|---|---|---|---|---|---|---|---|---|---|---|---|
| Dewey Decimal Classification | Kannada | St Aloysius Library | St Aloysius Library | 02/17/2021 | Athree book centre | 100.00 | K894.4 TRIT | 063156 | 02/17/2021 | 02/17/2021 | Book |